书目信息 |
| 题名: |
新视域下广播电视编导创新探究
|
|
| 作者: | 邱丽亚 著 | |
| 分册: | ||
| 出版信息: | 汕头 汕头大学出版社 2019 |
|
| 页数: | 158页 | |
| 开本: | 21cm | |
| 丛书名: | ||
| 单 册: | ||
| 中图分类: | G222.3 | |
| 科图分类: | ||
| 主题词: | 广播节目--节目制作--研究 , 电视节目制作--研究 | |
| 电子资源: | ||
| ISBN: | 978-7-5658-3949-8 | |
| 000 | 00912nam0 2200229 450 | |
| 001 | 2380708184 | |
| 005 | 20231119222520.19 | |
| 010 | @a978-7-5658-3949-8@dCNY46.00 | |
| 100 | @a20221009e20222019em y0chiy50 ea | |
| 101 | 0 | @achi |
| 102 | @aCN@b440000 | |
| 105 | @ay z 000yy | |
| 200 | 1 | @a新视域下广播电视编导创新探究@Axin shi yu xia guang bo dian shi bian dao chuang xin tan jiu@f邱丽亚著 |
| 210 | @a汕头@c汕头大学出版社@d2019@h20222印 | |
| 215 | @a158页@d21cm | |
| 330 | @a本书共分六章,主要内容包括:广播电视与广播电视编导;新视域下的新媒体及其经营模式;新视域下的广播电视编导生存现状及要求;创新及创新思维的相关理论;新视域下广播电视编导创新培养机制的建构;新视域下广播电视编导创新型节目案例及其分析等。 | |
| 606 | 0 | @a广播节目@x节目制作@x研究 |
| 606 | 0 | @a电视节目制作@x研究 |
| 690 | @aG222.3@v5 | |
| 701 | 0 | @a邱丽亚@Aqiu li ya@f(1983-)@4著 |
| 801 | 0 | @aCN@b山东中教@c20231119 |
| 905 | @aBZT@dG222.3@e13 | |
| 新视域下广播电视编导创新探究/邱丽亚著.-汕头:汕头大学出版社,2019(20222印) |
| 158页;21cm |
| ISBN 978-7-5658-3949-8:CNY46.00 |
| 本书共分六章,主要内容包括:广播电视与广播电视编导;新视域下的新媒体及其经营模式;新视域下的广播电视编导生存现状及要求;创新及创新思维的相关理论;新视域下广播电视编导创新培养机制的建构;新视域下广播电视编导创新型节目案例及其分析等。 |
| ● |
| 相关链接 |
|
|
|
正题名:新视域下广播电视编导创新探究
索取号:G222.3/13
 
预约/预借
| 序号 | 登录号 | 条形码 | 馆藏地/架位号 | 状态 | 备注 |
| 1 | 2000986963 | 2000986963 | 中教第一批/山东中教(第一批)/333/ [索取号:G222.3/13] | 在馆 | |
| 2 | 2000986964 | 2000986964 | 中教第一批/山东中教(第一批)/333/ [索取号:G222.3/13] | 在馆 | |
| 3 | 2000986965 | 2000986965 | 中教第一批/山东中教(第一批)/333/ [索取号:G222.3/13] | 在馆 | |
| 4 | 2000986966 | 2000986966 | 中教第一批/山东中教(第一批)/333/ [索取号:G222.3/13] | 在馆 |